000 00849nam 22002413 4500
001 199828
010 _a972-774-159-2
021 _aPT
_b190347/03
090 _a199828
100 _a20260112d u||y0pory50 ba
101 _apor
102 _aPT
200 _aCondutas de Risco, Práticas Culturais e Atitudes Perante o Corpo
_eResultados de um Inquérito aos Jovens Portugueses em 2000
_fManuel Villaverde Cabral [et al.] (coord.)
205 _a
210 _aOeiras
_cCelta Editora
_d2003
215 _aX, 454 p. : il.
_cBrochado
_d24 cm
225 _aEstudos Sobre Juventude
_v5
606 _915649
_aCiências Sociais
_xComportamento Social
675 _a316.62-053.6(=1:469)"2000"(042.3)/CAB/CON
_vPT
_zpor
700 _97072
_aCabral
_bManuel Villaverde
801 _aPT
_bBMMN
_gRPC
830 _cCarlos Pinto
_d12-01-2026
_fCarlos Pinto
990 _cLIVROS